| 000 | 00470nam a2200169Ia 4500 | ||
|---|---|---|---|
| 999 |
_c27867 _d27867 |
||
| 003 | OSt | ||
| 005 | 20210106110436.0 | ||
| 008 | 190216s9999||||xx |||||||||||||| ||und|| | ||
| 040 | _coclc | ||
| 082 |
_a894.812301 _bTOL/T |
||
| 100 |
_aTolstoy, Leo _9257 |
||
| 245 | 0 |
_aTolstoy Kathakal / _cLeo Tolstoy |
|
| 260 |
_bDc Books, _a Kottayam: _c2000. |
||
| 300 | _a211p | ||
| 650 | _aKathakal | ||
| 942 |
_cBK _2ddc _h894.812301 _iTOL/T _k894.812301 _mTOL/T |
||